000 01727 a2200253 4500
003 Nust
005 20170207154048.0
010 _a 2007051635
020 _a9780470279496 (cloth)
040 _cNust
082 0 0 _a658.314
100 1 _aGordon, Jon,
245 1 4 _aThe no complaining rule :positive ways to deal with negativity at work -(E-BOOK)
_cJon Gordon.
260 _aHoboken, N.J. :
_bJ. Wiley & Sons,
_cc2008.
300 _axviii, 155 p. ;
_c22 cm.
505 _aHope (Page-1), On Fire (Page-3), Morale (Page-7), The Phone Call (Page-11), The Real Problem (Page-15), Traffic (Page-17), The Talk (Page-23), The Cost of Negativity(Page-27), It Could BeWorse (Page-31), Cancer (Page-35),The Positive Road (Page-41), The Complaining Fast (Page-45), Three No Complaining Tools (Page-49), No News Is Good News (Page-51), Fundamentals of Prosperity (Page-53),The Bloggers (Page-59), The Yard Guy (Page-63), Friday (Page-67) The Meeting (Page-73), Positive Principles (Page-75), Questions (Page-83), More Traffic (Page-87),Sunday (Page-89),Monday (Page-93), Hope Shares the No Complaining Rule (Page-95), The Rollout (Page-101), Play to Win (Page-105), Hope Receives the News(Page-107), Six Months Later (Page-111), It’s All Good (Page-115), No Complaining Rule Action Plan(Page-121).
650 0 _aEmployee morale.
650 0 _aEmployees
_xAttitudes.
650 0 _aNegativism.
651 _aE-BOOK
856 4 2 _3Contributor biographical information
_uhttp://www.loc.gov/catdir/enhancements/fy0833/2007051635-b.html
856 4 2 _3Publisher description
_uhttp://www.loc.gov/catdir/enhancements/fy0806/2007051635-d.html
856 4 2 _3Table of contents only
_uhttp://www.loc.gov/catdir/enhancements/fy0808/2007051635-t.html
942 _2ddc
_cBK
999 _c192970
_d192970